Countries voting against Condemning Hamas (2023/2024) - Statistics

General Stats
  • This quiz has been taken 52 times
  • The average score is 47 of 64
Answer Stats
Hint Answer % Correct
Europe Russia
100%
Asia Oman
95%
Asia Saudi Arabia
95%
Asia United Arab Emirates
95%
Africa Algeria
93%
Asia Iran
93%
Asia Syria
93%
Asia Yemen
93%
Asia Lebanon
90%
Asia Afghanistan
88%
Asia China
88%
Africa Egypt
88%
Asia Iraq
88%
Africa Libya
88%
Africa Tunisia
88%
Asia Bahrain
85%
Americas Cuba
85%
Asia Indonesia
85%
Asia North Korea
85%
Asia Qatar
85%
Asia Turkey
85%
Asia Kuwait
83%
Asia Pakistan
83%
Americas (Would have) Venezuela
83%
Africa Chad
80%
Asia Malaysia
80%
Africa Morocco
80%
Africa Nigeria
80%
Africa Mali
78%
Africa Mauritania
78%
Africa Somalia
78%
Africa Sudan
78%
Asia Bangladesh
75%
Europe Belarus
75%
Africa Central African Republic
75%
Asia Jordan
75%
Asia Brunei
73%
Africa Congo
73%
Americas Nicaragua
73%
Africa Eritrea
70%
Africa Zimbabwe
70%
Africa Comoros
68%
Africa Senegal
68%
Asia Kyrgyzstan
65%
Asia (Junta Would have) Myanmar
65%
Africa Benin
63%
Americas Bolivia
63%
Africa Djibouti
63%
Asia Maldives
63%
Africa South Africa
63%
Africa Tanzania
63%
Africa Uganda
63%
Africa Gambia
60%
Africa Namibia
60%
Asia Tajikistan
58%
Africa Burundi
55%
Americas Guyana
55%
Americas Belize
53%
Americas El Salvador
53%
Asia Sri Lanka
48%
Americas Trinidad and Tobago
48%
Americas Dominica
43%
Americas Saint Lucia
43%
Americas Saint Vincent and the Grenadines
40%
No matching quizzes found
Score Distribution
Percent of People with Each Score
Percentile by Number Answered
Your Score History
You have not taken this quiz